000 00515cam a2200181ua 4500
020 _a81 203 1705 x
_c150.00
041 _aeng
_h
082 _a005.133
_bTHA/e
100 _aThakkar , Megharaj .
245 _ae.Commerce applications using Oracle 8i and Java from scratch /
_cMegharaj Thakkar.
_hTextual Documents
250 _a2000 /
_b.
260 _aNew Delhi :
_bPrentice Hall of India Pvt Ltd. ,
_c2000.
300 _a ; .
365 _a150.00
504 _a
942 _cBK
999 _c2662
_d2662